| 000 | 01018cam a2200289 a 4500 | ||
|---|---|---|---|
| 001 | 200442942 | ||
| 003 | TR-AnTOB | ||
| 005 | 20260102094655.0 | ||
| 008 | 070528s2005 tu a 001 0 tur | ||
| 040 |
_aCUKUROVA _beng _erda _cCUKUROVA _dTR-AnTOB |
||
| 041 | 1 |
_atur _heng |
|
| 060 |
_aWG 140 _bH36 2005 |
||
| 096 |
_aWG140 _bH36 2005 |
||
| 100 | 1 |
_aHampton, John R. _eauthor _9151480 |
|
| 245 | 1 | 0 |
_a150 soruda EKG problemleri / _cJohn R. Hampton ; çev. ed. İbrahim Keleş. |
| 264 | 1 |
_aİstanbul : _bİstanbul Medikal Yayıncılık, _c2005. |
|
| 300 |
_a309 pages : _bres. ; _c19 cm |
||
| 336 |
_2rdacontent _atext _btxt |
||
| 337 |
_2rdamedia _aunmediated _bn |
||
| 338 |
_2rdacarrier _avolume _bnc |
||
| 650 | 2 |
_aElectrocardiography _990216 |
|
| 655 | 2 |
_aProblems and Exercises _9143438 |
|
| 700 | 1 |
_aKeleş, İbrahim _etranslator _eeditor _9118098 |
|
| 942 |
_2NLM _cBK |
||
| 947 |
_a24374657 _b290206 _c3 _d1 _eCukurova Universitesi Kutuphanesi _fCukurova - Merkez _g2020-04-27 10:49:32 |
||
| 999 |
_c200442942 _d61154 |
||